Normal view
MARC view
Entry Uniform Title
001 - CONTROL NUMBER
- control field: 15500
003 - CONTROL NUMBER IDENTIFIER
- control field: BD-RjUL
005 - DATE AND TIME OF LATEST TRANSACTION
- control field: 20250518150005.0
008 - FIXED-LENGTH DATA ELEMENTS
- fixed length control field: 250518|| aca||aabn | a|a d
040 ## - CATALOGING SOURCE
- Original cataloging agency: BD-RjUL
- Transcribing agency: BD-RjUL
130 ## - HEADING--UNIFORM TITLE
- Uniform title: Bible.
- Form subheading: Selections.
- Language of a work: English (Old English).
- Date of a work: 1977
670 ## - SOURCE DATA FOUND
- Source citation: Work cat.: (BD-RjUL)84940: Treble, H.A. 15499, English prose : narrative descriptive and dramatic /, 1946